Statystyki dla Kraje w Azji, które kiedykolwiek zostały skolonizowane

Kliknij tutaj aby rozwiązać quiz!

Ogólne statystyki

  • Ten quiz został rozwiązany 62 razy
  • Średni wynik to 13 z 15

Odpowiedzi na mapie

Odpowiedzi skodowane kolorowo w zielono-czerwonej skali na mapie do tego quizu, zgodnie z poniższymi procentami.
 

Statystyki odpowiedzi

Odpowiedź% Poprawnych
Indie
96%
Indonezja
94%
Chiny(Hongkong)
91%
Malezja
89%
Wietnam
89%
Laos
87%
Pakistan
87%
Sri Lanka
87%
Singapur
85%
Filipiny
83%
Kambodża
83%
Bangladesz
79%
Mjanma
79%
Timor wschodni
66%
Brunei
57%

Rozkład punktacji

Percentyl według liczby udzielonych odpowiedzi

Procent ludzi z każdym wynikiem

Twoja historia wyników

Nie rozwiązałeś tego quizu